| 000 | 00865nam a22002657a 4500 | ||
|---|---|---|---|
| 003 | dpl | ||
| 005 | 20180607143506.0 | ||
| 008 | 180607b xxu||||| |||| 00| 0 eng d | ||
| 010 | _aB-226284 | ||
| 020 |
_c135.00 _a8176492302 |
||
| 035 | _aB-226284, B-226296 | ||
| 037 | _bCen Lib/Ret | ||
| 040 |
_aDPL _bEN _c0 |
||
| 082 |
_a616.462054 _bGEI |
||
| 100 |
_aGeil, Patti B. _937713 |
||
| 245 |
_a101 Nutrition tips for people with diabetes / _cby Patti B. Geil [and] Lea Ann Hoizmeister |
||
| 260 |
_aNew Delhi _bViva books _c2004 |
||
| 270 |
_a4737/23, Ansari road, Daryaganj _bNew Delhi _e110002 |
||
| 300 |
_a120p. _c21cm(pbk) |
||
| 500 | _aIncludes bibliographical references and index | ||
| 650 |
_aNutrition _99307 |
||
| 650 |
_aMedication _937714 |
||
| 700 |
_aHolzmeister, Lea Ann _937705 |
||
| 942 |
_2ddc _cEN _h161.462054 _mGEI |
||
| 999 |
_c133359 _d133359 |
||